[Event "HUN-chT2 Barcza 1011"]
[Site "Hungary"]
[Date "2011.04.17"]
[Round "9.7"]
[White "Sarvari, Peter"]
[Black "Sandor, Lajos"]
[Result "0-1"]
[WhiteElo "1542"]
[BlackElo "1847"]
[PlyCount "120"]
[EventDate "2010.09.12"]
[EventType "team-tourn"]
[EventRounds "11"]
[EventCountry "HUN"]
[SourceTitle "EXT 2012"]
[Source "ChessBase"]
[SourceDate "2011.11.24"]
[SourceVersion "1"]
[SourceVersionDate "2011.11.24"]
[SourceQuality "1"]
[WhiteTeam "Debrecen Sakkbaratok"]
[BlackTeam "Tiszavasvar"]
[WhiteTeamCountry "HUN"]
[BlackTeamCountry "HUN"]

1. d4 Nf6 2. Bf4 e6 3. e3 Be7 4. Nf3 Nh5 5. Bg3 d6 6. Be2 0-0 7. Nbd2 f5 8. c4 Nd7 9. b4 b6 10. Rb1 Bb7 11. c5 f4 12. exf4 Nxf4 13. 0-0 a6 14. Re1 Rf6 15. Qc2 Nh5 16. c6 Nxg3 17. fxg3 Nb8 18. cxb7 Ra7 19. Bd3 Rh6 20. Re2 Rxb7 21. Rbe1 Qd7 22. Qb3 d5 23. Ne5 Qc8 24. Rc1 c5 25. Qb2 c4 26. Ndf3 b5 27. Bc2 a5 28. a3 axb4 29. axb4 Na6 30. Bb1 Nxb4 31. Nd3 Nxd3 32. Bxd3 b4 33. Ne5 Bg5 34. Rcc2 Rf6 35. h4 Bh6 36. Ng4 Rf8 37. Nxh6+ gxh6 38. Re1 Qd7 39. Be2 Qg7 40. Kh2 c3 41. Qc1 Qxd4 42. Rd1 Qe5 43. Bg4 Rf6 44. Re2 Qd6 45. Rde1 Re7 46. Qb1 e5 47. Qd3 e4 48. Qd4 Rg6 49. Bh3 Rxg3 50. Kg1 Rd3 51. Qf2 Rf7 52. Be6 Qxe6 53. Qc5 Rb7 54. Rc2 Qb6 55. Qf2 Qxf2+ 56. Kxf2 b3 57. Rce2 Rf7+ 58. Kg1 c2 59. Rc1 Rd1+ 60. Re1 Rxc1 0-1

[Event "HUN-chT2 Barcza 1011"]
[Site "Hungary"]
[Date "2011.04.10"]
[Round "8.11"]
[White "Molnar, Laszlo"]
[Black "Sarvari, Peter"]
[Result "1-0"]
[WhiteElo "1852"]
[BlackElo "1542"]
[PlyCount "39"]
[EventDate "2010.09.12"]
[EventType "team-tourn"]
[EventRounds "11"]
[EventCountry "HUN"]
[SourceTitle "EXT 2012"]
[Source "ChessBase"]
[SourceDate "2011.11.24"]
[SourceVersion "1"]
[SourceVersionDate "2011.11.24"]
[SourceQuality "1"]
[WhiteTeam "Balkany"]
[BlackTeam "Debrecen Sakkbaratok"]
[WhiteTeamCountry "HUN"]
[BlackTeamCountry "HUN"]

1. e4 e5 2. Nf3 Nc6 3. Nc3 Bc5 4. Nxe5 Bxf2+ 5. Kxf2 Nxe5 6. d4 Nc6 7. Be3 d6 8. Be2 Nge7 9. Rf1 0-0 10. Kg1 f5 11. Bc4+ Kh8 12. Qh5 fxe4 13. Rxf8+ Qxf8 14. Rf1 Qd8 15. Nxe4 g6 16. Bg5 d5 17. Qh6 Ng8 18. Rf8 dxe4 19. Rxg8+ Qxg8 20. Bf6+ 1-0

[Event "HUN-chT2 Barcza 1011"]
[Site "Hungary"]
[Date "2011.03.27"]
[Round "7.9"]
[White "Sarvari, Peter"]
[Black "Pal, Elod"]
[Result "1/2-1/2"]
[WhiteElo "1542"]
[BlackElo "1888"]
[PlyCount "78"]
[EventDate "2010.09.12"]
[EventType "team-tourn"]
[EventRounds "11"]
[EventCountry "HUN"]
[SourceTitle "EXT 2012"]
[Source "ChessBase"]
[SourceDate "2011.11.24"]
[SourceVersion "1"]
[SourceVersionDate "2011.11.24"]
[SourceQuality "1"]
[WhiteTeam "Debrecen Sakkbaratok"]
[BlackTeam "Kazincbarcika"]
[WhiteTeamCountry "HUN"]
[BlackTeamCountry "HUN"]

1. d4 d6 2. Bf4 Nf6 3. e3 g6 4. Nf3 Bg7 5. Bd3 0-0 6. 0-0 Nh5 7. Bg3 Bg4 8. Nbd2 Nd7 9. c3 Nxg3 10. hxg3 e5 11. Be2 Re8 12. e4 exd4 13. cxd4 Bxf3 14. Bxf3 Bxd4 15. Rb1 Rb8 16. Nc4 Bg7 17. a4 Ne5 18. Nxe5 Rxe5 19. b4 b5 20. Re1 Qd7 21. a5 a6 22. Qc2 Qe7 23. Qc6 d5 24. Kf1 dxe4 25. Rxe4 Rxe4 26. Bxe4 Qd6 27. Rc1 Be5 28. Qxd6 Bxd6 29. Rc6 Bxb4 30. Rxa6 c5 31. Rb6 Rxb6 32. axb6 Ba5 33. b7 Bc7 34. Ke2 Kf8 35. Bc6 b4 36. Kd3 Ke7 37. Kc4 Kd6 38. Bf3 f6 39. g4 g5 1/2-1/2